Caballo de Troya 5: Cesárea / J. J. Benítez

Guardat en:
Dades bibliogràfiques
Autor principal: Benítez, J. J.
Format: Llibre
Idioma:Undetermined
Publicat: España Planeta 1997
Matèries:
Etiquetes: Afegir etiqueta
Sense etiquetes, Sigues el primer a etiquetar aquest registre!

MARC

LEADER 00000nam a2200000Ia 4500
008 170316s9999 xx 000 0 und d
040 |a cru BVZT 
090 |a 862 B-10.1c v.5 
100 |a Benítez, J. J. 
245 |a Caballo de Troya 5: Cesárea / J. J. Benítez 
260 |a España 
260 |b Planeta 
260 |c 1997 
300 |a 447 páginas 
650 |a LITERATURA ESPAÑOLA 
650 |a CIENCIA FICCIÓN 
650 |a OPERACIÓN CABALLO DE TROYA 
650 |a JESÚS DE NAZARET 
650 |a MÁQUINA DEL TIEMPO 
999 |c 9506  |d 9506 
942 |c 15 D  |h 862 B-10.1c v.5  |2 z